000 00821nam a2200229Ii 4500
003 JO-AjNU
008 230605s9999||||xx |||||||||||||| ||und||
017 _a2000/10024
020 _a977-10-1347-5
040 _aJO-AjNU
_bara
_erda
_cJO-AjNU
041 _aara
050 1 4 _aGV983.D37 2000
100 3 _aدرويش، زكي محمد، م.مشارك الخولى، أمين أنور، م.مشارك أبو العلا، عبده,
_eauthor
_96973
245 0 0 _aالتنشئة البدنية للطفل
250 _aط1
264 3 1 _aالقاهرة: دار الفكر العربي،2000
300 _a88ص
_b صور توضبحية
336 _atext
_btxt
_2rdacontent
337 _aunmediated
_bn
_2rdamedia
338 _avolume
_bnc
_2rdacarrier
650 4 _aالاطفال - نمو ، الاطفال - رعاية
_96974
999 _aA44
_c3612
_d3612